MAASAI MARA UNIVERSITY

LIBRARY CATALOGUE

Contact Us: +254 020 2685356/7 or 0774 057787

Box: 861-20500, NAROK, KENYA

Email: info@mmarau.ac.ke

Yunnan / (Record no. 31259)

MARC details
000 -LEADER
fixed length control field 00728nam a22002297a 4500
003 - CONTROL NUMBER IDENTIFIER
control field OSt
005 - DATE AND TIME OF LATEST TRANSACTION
control field 20181130104019.0
008 - FIXED-LENGTH DATA ELEMENTS--GENERAL INFORMATION
fixed length control field 181130b ||||| |||| 00| 0 eng d
040 ## - CATALOGING SOURCE
Original cataloging agency MMU
Transcribing agency MMU
Modifying agency MMU
Language of cataloging eng
043 ## - GEOGRAPHIC AREA CODE
Geographic area code a-cc-yu
050 00 - LIBRARY OF CONGRESS CALL NUMBER
Classification number DS793.Y8
Item number B65 1987
082 00 - DEWEY DECIMAL CLASSIFICATION NUMBER
Classification number 915.1/350458
Edition number 20
100 1# - MAIN ENTRY--PERSONAL NAME
Personal name Booz, Patrick R.
245 10 - TITLE STATEMENT
Title Yunnan /
Statement of responsibility, etc. Patrick R. Booz.
260 ## - PUBLICATION, DISTRIBUTION, ETC. (IMPRINT)
Place of publication, distribution, etc. Lincolnwood, Ill., U.S.A. :
Name of publisher, distributor, etc. Passport Books,
Date of publication, distribution, etc. 1987.
300 ## - PHYSICAL DESCRIPTION
Extent 208 p. :
Other physical details col. ill. ;
Dimensions 21 cm.
500 ## - GENERAL NOTE
General note Spine title: Yunnan Province, a complete guide.
504 ## - BIBLIOGRAPHY, ETC. NOTE
Bibliography, etc Includes bibliographical references (p. 193).
651 #0 - SUBJECT ADDED ENTRY--GEOGRAPHIC NAME
Geographic name Yunnan Sheng (China)
General subdivision Guidebooks.
740 0# - ADDED ENTRY--UNCONTROLLED RELATED/ANALYTICAL TITLE
Uncontrolled related/analytical title Yunnan Province, a complete guide.
942 ## - ADDED ENTRY ELEMENTS (KOHA)
Source of classification or shelving scheme Library of Congress Classification
Koha item type L
Holdings
Withdrawn status Lost status Source of classification or shelving scheme Damaged status Not for loan Home library Current library Date acquired Source of acquisition Total Checkouts Full call number Barcode Date last seen Price effective from Koha item type
    Library of Congress Classification     Maasai Mara University Library -Main Campus Maasai Mara University Library -Main Campus 11/30/2018 Donation- School of Natural Resource   DS793 .Y8B65 1987 17037033 11/30/2018 11/30/2018 L
© 2016 Maasai Mara University.